000
00321nam a2200109Ia 4500
008
171211s9999 xx 000 0 und d
245
_a
Encyclopedia of American Journalism
245
_c
Stephen L. Vaughn
260
_c
2007
650
_x
Encyclopedia and Dictionary
856
_u
http://down.ebook777.com/056/0415969506.pdf
999
_c
350189
_d
350189